Sureste. (Record no. 133559)
[ view plain ]
| 000 -LEADER | |
|---|---|
| campo de control de longitud fija | 01208namaa2200205 i 4500 |
| 001 - NÚMERO DE CONTROL | |
| campo de control | 133559 |
| 003 - IDENTIFICADOR DE NÚMERO DE CONTROL | |
| campo de control | ES-MaACL |
| 005 - FECHA Y HORA DE LA ÚLTIMA TRANSACCIÓN | |
| campo de control | 20260213163144.0 |
| 007 - CAMPO FIJO DE DESCRIPCIÓN FÍSICA--INFORMACIÓN GENERAL | |
| campo de control de longitud fija | t| |
| 008 - DATOS DE LONGITUD FIJA--INFORMACIÓN GENERAL | |
| campo de control de longitud fija | 070821s1957 sp f |001 0 spa d |
| 245 00 - MENCIÓN DEL TÍTULO | |
| Título | Sureste. |
| 260 ## - PUBLICACIÓN, DISTRIBUCIÓN, ETC. | |
| Lugar de publicación, distribución, etc. | Alicante : |
| Nombre del editor, distribuidor, etc. | [Caja de Ahorros del Sureste de España], |
| Fecha de publicación, distribución, etc. | 1957 ( |
| Fabricante | Imp. Sucesor de Such, Serra y Cía.) |
| 300 ## - DESCRIPCIÓN FÍSICA | |
| Extensión | 70 p., 1 h. de lám. ; |
| Dimensiones | 21 cm. |
| 505 0# - NOTA DE CONTENIDO CON FORMATO | |
| Nota de contenido con formato | Palabras preliminares [a la constitución del "Aula Gabriel Miró", en la Caja de Ahorros del Sureste de España], por Vicente Ramos. La novela española de postguerra, por Miguel Signes Molines. Viaje por carretera (cuento), por Fernando Gallar. Poemas, por Carmen García Bellver. La realidad y el arte en el fenómeno literario, por Rafael Azuar. Arte y realidad, por Manuel Martínez-Mena. Antítesis (cuento), por Ernesto Contreras. Notas sobre la cultura y su difusión, por José M. Martínez Aguirre. Memoria del curso 1955-1956 |
| 594 ## - Nota al título y mención de responsabilidad | |
| Nota al título y mención de responsabilidad | Precede al tít.: "Aula Gabriel Miró" de la Caja de Ahorros del Sureste de España. |
| 650 04 - PUNTO DE ACCESO ADICIONAL DE MATERIA--TÉRMINO DE MATERIA | |
| Término de materia o nombre geográfico como elemento de entrada | Novela española- |
| Subdivisión cronológica | S.XX- |
| Subdivisión general | Historia y crítica |
| 9 (RLIN) | 15617 |
| 700 2# - ENTRADA AGREGADA--NOMBRE PERSONAL | |
| Nombre de persona | |
| 9 (RLIN) | 242803 |
| 852 ## - LOCALIZACIÓN | |
| Ubicación | ES-MaACL |
| Número de control de estantería | E-4154 |
| Estatus retirado | Estado de pérdida | Estado de daño | No para préstamo | Biblioteca de origen | Biblioteca actual | Ubicación en estantería | Fecha de adquisición | Fuente de adquisición | Total de préstamos | Signatura topográfica completa | Código de barras | Visto por última vez | Precio de reemplazo | Tipo de ítem Koha |
|---|---|---|---|---|---|---|---|---|---|---|---|---|---|---|
| Biblioteca del Ateneo de Madrid | Biblioteca del Ateneo de Madrid | Depósito 2 | 17/01/2008 | E-4154 | 1139038 | 23/02/2023 | 23/02/2023 | Libro impreso |
